000 00695nam a2200217 4500
001 178849
003 ES-MaACL
005 20231013063114.0
008 110719s2010 sp e |||| | spa d
020 _a978-84-204-0555-1
080 _a821.134.2-31"19"
100 1 _aPérez-Reverte, Arturo,
_d1951-
_9226783
245 1 3 _aEl asedio /
_cArturo Pérez-Reverte.
260 _a[Madrid] :
_bAlfaguara,
_c[2010]
300 _a727 p. :
_b2 plan. ;
_c24 cm.
651 4 _aCádiz-
_xHistoria-
_yS.XIX-
_vNovelas.
_9147373
852 _aES-MaACL
_9185714
_bR.145867
_jA-11361
_dOlim: N-4365
_cDEPO1
942 _2udc
_cMONOGRAFIA
999 _c178849
_d178849